| 000 | 00457nam a2200145Ia 4500 | ||
|---|---|---|---|
| 008 | 210430s9999 xx 000 0 und d | ||
| 020 | _a978-3-662-09291-0 | ||
| 082 | _a620.11 G683 P | ||
| 100 |
_aG.Gottstein _952120 |
||
| 245 |
_aPhysical Foundations of Materials Science _cG.Gottstein |
||
| 260 |
_aBerlin _bSpringer _c2006 |
||
| 300 | _a502p. | ||
| 856 |
_uhttp://10.250.8.41:8080/xmlui/handle/123456789/46750 _yFor E-book click here |
||
| 942 |
_cBK _2ddc |
||
| 999 |
_c561917 _d561917 |
||